Sports Quiz

Random Sports or Basketball Quiz
Score 0/123 Timer 01:30
3 Plays Today
Letter Team % Correct
BToronto Blue Jays
95.9%
BAtlanta Braves
95.9%
BMilwaukee Brewers
95.9%
BBuffalo Bills
95.9%
BCincinnati Bengals
95.9%
BCleveland Browns
95.9%
BDenver Broncos
95.9%
BChicago Bears
95.9%
BTampa Bay Buccaneers
95.9%
BChicago Bulls
95.9%
BMilwaukee Bucks
95.9%
BBoston Bruins
95.9%
BColumbus Blue Jackets
95.9%
BChicago Blackhawks
95.9%
BSt. Louis Blues
95.9%
CChicago Cubs
95.5%
CSt. Louis Cardinals
95.5%
CIndianapolis Colts
95.5%
CKansas City Chiefs
95.5%
CLos Angeles Chargers
95.5%
CDallas Cowboys
95.5%
CArizona Cardinals
95.5%
CBoston Celtics
95.5%
CCleveland Cavaliers
95.5%
CLos Angeles Clippers
95.5%
CMontreal Canadiens
95.5%
CWashington Capitals
95.5%
CArizona Coyotes
95.5%
CVancouver Canucks
95.5%
#San Francisco 49ers
89.1%
#Philadelphia 76ers
89.1%
RBoston Red Sox
86.7%
RTampa Bay Rays
86.7%
RKansas City Royals
86.7%
RTexas Rangers
86.7%
RCincinnati Reds
86.7%
RColorado Rockies
86.7%
RBaltimore Ravens
86.7%
RLas Vegas Raiders
86.7%
RLos Angeles Rams
86.7%
RToronto Raptors
86.7%
Letter Team % Correct
RHouston Rockets
86.7%
RDetroit Red Wings
86.7%
RNew York Rangers
86.7%
PPhiladelphia Phillies
86.2%
PPittsburgh Pirates
86.2%
PSan Diego Padres
86.2%
PNew England Patriots
86.2%
PGreen Bay Packers
86.2%
PCarolina Panthers
86.2%
PDetroit Pistons
86.2%
PIndiana Pacers
86.2%
PNew Orleans Pelicans
86.2%
PFlorida Panthers
86.2%
PPittsburgh Penguins
86.2%
PNashville Predators
86.2%
WWashington Football Team
85.1%
AHouston Astros
82.9%
ALos Angeles Angels
82.9%
AOakland Athletics
82.9%
AColorado Avalanche
82.9%
JNew York Jets
79.4%
JJacksonville Jaguars
79.4%
JUtah Jazz
79.4%
JWinnipeg Jets
79.4%
SPittsburgh Steelers
77.5%
SNew Orleans Saints
77.5%
SSeattle Seahawks
77.5%
SPhoenix Suns
77.5%
SSan Antonio Spurs
77.5%
SBuffalo Sabres
77.5%
SOttawa Senators
77.5%
SDallas Stars
77.5%
SSan Jose Sharks
77.5%
DArizona Diamondbacks
76.7%
DLos Angeles Dodgers
76.7%
DMiami Dolphins
76.7%
DNew Jersey Devils
76.7%
DAnaheim Ducks
76.7%
TDetroit Tigers
74.4%
TMinnesota Twins
74.4%
THouston Texans
74.4%
Letter Team % Correct
TTennessee Titans
74.4%
TMinnesota Timberwolves
74.4%
TOklahoma City Thunder
74.4%
TPortland Trail Blazers
74.4%
LDetroit Lions
73.5%
LLos Angeles Lakers
73.5%
LTampa Bay Lightning
73.5%
MSeattle Mariners
71.5%
MMiami Marlins
71.5%
MNew York Mets
71.5%
MOrlando Magic
71.5%
MDallas Mavericks
71.5%
MToronto Maple Leafs
71.5%
FAtlanta Falcons
70.3%
FPhiladelphia Flyers
70.3%
FCalgary Flames
70.3%
GSan Francisco Giants
68.6%
GNew York Giants
68.6%
GMemphis Grizzlies
68.6%
GVegas Golden Knights
68.6%
HAtlanta Hawks
66.1%
HMiami Heat
66.1%
HCharlotte Hornets
66.1%
HCarolina Hurricanes
66.1%
KNew York Knicks
65.2%
KSacramento Kings
65.2%
KLos Angeles Kings
65.2%
WChicago White Sox
63%
WWashington Wizards
63%
WGolden State Warriors
63%
WMinnesota Wild
62.9%
EPhiladelphia Eagles
62.3%
NWashington Nationals
61.8%
NBrooklyn Nets
61.8%
NDenver Nuggets
61.8%
OBaltimore Orioles
58.3%
OEdmonton Oilers
58.3%
ICleveland Indians
56.8%
INew York Islanders
56.8%
YNew York Yankees
49.5%
VMinnesota Vikings
38.8%
Remove Ads.
Support Sporcle.
Get the best of Sporcle when you Go Orange. This ad-free experience offers more features, more stats, and more fun while also helping to support Sporcle. Thank you for becoming a member.

You're not logged in!

Compare scores with friends on all Sporcle quizzes.
OR
Log In

Sporcle TV

Today on Sporcle TV


Watch our educational content, quiz creation guides, and fun videos on Sporcle TV.

Show Comments

Extras

Top Quizzes Today


Score Distribution

Paid Content

Your Account Isn't Verified!

In order to create a playlist on Sporcle, you need to verify the email address you used during registration. Go to your Sporcle Settings to finish the process.

Report this User

Report this user for behavior that violates our Community Guidelines.

Details: